Old growler's last match / (Record no. 355105)
[ view plain ]
| 000 -LEADER | |
|---|---|
| fixed length control field | 00415nam a2200169Ia 4500 |
| 008 - FIXED-LENGTH DATA ELEMENTS--GENERAL INFORMATION | |
| fixed length control field | 180207s9999 xx 000 0 und d |
| 020 ## - INTERNATIONAL STANDARD BOOK NUMBER | |
| International Standard Book Number | 9780099562016 |
| 050 ## - LIBRARY OF CONGRESS CALL NUMBER | |
| Item number | R523 1996 |
| 100 ## - MAIN ENTRY--PERSONAL NAME | |
| Personal name | Richardson, John. |
| 245 ## - TITLE STATEMENT | |
| Title | Old growler's last match / |
| 245 ## - TITLE STATEMENT | |
| Statement of responsibility, etc | John Richardson. |
| 260 ## - PUBLICATION, DISTRIBUTION, ETC. (IMPRINT) | |
| Place of publication, distribution, etc | London : |
| 260 ## - PUBLICATION, DISTRIBUTION, ETC. (IMPRINT) | |
| Name of publisher, distributor, etc | Red Fox Book, |
| 260 ## - PUBLICATION, DISTRIBUTION, ETC. (IMPRINT) | |
| Date of publication, distribution, etc | 1996 |
| 300 ## - PHYSICAL DESCRIPTION | |
| Extent | unpaged : |
| 300 ## - PHYSICAL DESCRIPTION | |
| Other physical details | color illustration ; |
| Withdrawn status | Lost status | Damaged status | Home library | Current library | Date acquired | Total Checkouts | Full call number | Barcode | Date last seen | Price effective from | Koha item type |
|---|---|---|---|---|---|---|---|---|---|---|---|
| Stonyhurst Southville International School (Malarayat) | Stonyhurst Southville International School (Malarayat) | 02/07/2018 | ER R523 1996 | SSISM4650 | 02/07/2018 | 02/07/2018 | Books |